000 00521nam a22002057a 4500
003 OSt
005 20140310181810.0
008 130705t xxu||||| |||| 00| 0 eng d
020 _a0751360155
050 _aG 1021
_b.Ey97 1994
082 _2REF 912
_bEy3 1994
245 _aThe Eyewitness atlas of the world /
260 _aGreat Britain :
_bDorling Kindersley Book,
_cc1994.
300 _a160 p. ;
_c35 cm.
520 _a1. Atlas.
521 _a
541 _j1
562 _e1
942 _2lcc
_cBK-GR
_kREF
999 _c3896
_d3896